Sz. Simon István
Elmentve itt :
| Dokumentumtípus: | Cikk |
|---|---|
| Megjelent: |
2003-12-16
|
| Sorozat: | Délmagyarország
93 No. 292 |
| Kulcsszavak: | Simon István, Sz. 1932-2003, Szeged, Gyászközlemény Szeged, Újságíró Szeged |
| Online Access: | http://dmarchiv.bibl.u-szeged.hu/132782 |
| LEADER | 00458nab a2200145 i 4500 | ||
|---|---|---|---|
| 001 | delm132782 | ||
| 005 | 20191118141926.0 | ||
| 008 | 191118s2003 hu o 0|| hun d | ||
| 040 | |a SZTE Délmagyarország Archívum |b hun | ||
| 041 | |a hun | ||
| 245 | 0 | 0 | |a Sz. Simon István |h [elektronikus dokumentum] |
| 260 | |c 2003-12-16 | ||
| 300 | |a 12 | ||
| 490 | 0 | |a Délmagyarország |v 93 No. 292 | |
| 695 | |a Simon István, Sz. 1932-2003, Szeged, Gyászközlemény Szeged, Újságíró Szeged | ||